000 00337nam a2200133Ia 4500
008 100328s9999 xx 000 0 und d
082 _b35610
100 _aकाकोडकर चंद्रकांत.
245 _aनायक
260 _bपूजा.
630 _aनायक
730 _aनायक
942 _cBOOK
999 _c525482
_d525479